Hoạt động quản lý nhà nước về công nghệ và sở hữu trí tuệ góp phần hỗ trợ doanh nghiệp nâng cao năng lực kinh doanh vững vàng bước vào thập niên thứ nhì của thiên niên kỷ mới

Gorde:
Xehetasun bibliografikoak
Formatua: Liburua
Hizkuntza:Undetermined
Gaiak:
Sarrera elektronikoa:http://lrc.tdmu.edu.vn/opac/search/detail.asp?aID=2&ID=26607
Etiketak: Etiketa erantsi
Etiketarik gabe, Izan zaitez lehena erregistro honi etiketa jartzen!
Thư viện lưu trữ: Trung tâm Học liệu Trường Đại học Thủ Dầu Một
LEADER 00773nam a2200121Ia 4500
001 TDMU_26607
008 210410s9999 xx 000 0 und d
082 |a 363.7394 
245 0 |a Hoạt động quản lý nhà nước về công nghệ và sở hữu trí tuệ góp phần hỗ trợ doanh nghiệp nâng cao năng lực kinh doanh vững vàng bước vào thập niên thứ nhì của thiên niên kỷ mới 
300 |a Tr.7-9 
650 |a Sở hữu trí tuệ; Bình Thuận; Hoạt động quản lý Công nghệ; Doanh nghiệp; Khoa học công nghệ 
856 |u http://lrc.tdmu.edu.vn/opac/search/detail.asp?aID=2&ID=26607 
980 |a Trung tâm Học liệu Trường Đại học Thủ Dầu Một